LATIN AMERICA'S VITAL MEDIA / (Record no. 786)
[ view plain ]
| 000 -الفاتح | |
|---|---|
| حقل البيانات ثابتة الطول | 00583nam a2200193Ia 4500 |
| 008 - عناصر البيانات ثابتة الطول - معلومات عامة | |
| حقل البيانات ثابتة الطول | 140319s9999 xx 000 0 eng d |
| 040 ## - مصدر الفهرسة | |
| وكالة الفهرسة الأصلية | GCL / |
| وكالة النسخ | GCL |
| 082 04 - رقم تصنيف ديوى العشرى | |
| رقم التصنيف | 302.230980 |
| رقم المادة | H C |
| 100 1# - المدخل الرئيسى - إسم شخصى | |
| الإسم الشخصى | HEUVEL, JON VANDEN |
| 245 10 - بيان العنوان | |
| العنوان | LATIN AMERICA'S VITAL MEDIA / |
| بيان المسئوليه,etc | HEUVEL, JON VANDEN |
| 700 1# - المدخل الاضافى - اسم شخصى | |
| الإسم الشخصى | DENNIS, EVERETT E. |
| 260 ## - PUBLICATION, DISTRIBUTION, ETC. (IMPRINT) | |
| تاريخ النشر أو التوزيع | 1992 |
| 300 ## - الوصف المادى | |
| التعداد | 26 CM ؛ |
| أبعاد الوعاء | 159 P |
| 650 04 - المدخل الاضافى بالموضوع-مصطلح موضوعى | |
| مصطلح موضوعي | MEDIA PROGRAMS (EDUCATION) |
| 650 04 - المدخل الاضافى بالموضوع-مصطلح موضوعى | |
| مصطلح موضوعي | LATIN AMERICA IN MASS MEDIA |
| 650 04 - المدخل الاضافى بالموضوع-مصطلح موضوعى | |
| مصطلح موضوعي | MEDIA BUYING SERVICES |
| 942 ## - عناصر المدخل الإضافي( كوها) | |
| مصدر التصنيف او مخطط الترفيف | Dewey Decimal Classification |
| Koha [default] item type | كتاب |
| 260 ## - PUBLICATION, DISTRIBUTION, ETC. (IMPRINT) | |
| -- | نيويورك : |
| -- | THE FREEDOM FORUM MEDIA STUDIES CENTER ، |
| حالة التراجع | حالة الفقد | حالة تلف | ليس للاعارة | المكان المؤقت | الموقع الحالى | تاريخ الاكتساب | اجمالي اﻻعارات | رقم الطلب | الباركود | تاريخ اخر مشاهدة | تاريخ تفعيل السعر | نوع وعاء كوها |
|---|---|---|---|---|---|---|---|---|---|---|---|---|
| مكتبة القاهرة الكبرى | مكتبة القاهرة الكبرى | 03/26/2014 | 302.230980\H C | 1951 | 03/26/2014 | 03/26/2014 | كتاب |

